00276nam a2200109Ia 4500008004000000020001800040082001300058100002400071245002300095260004000118300000800158210210b1990 xxu||||| |||| 00| 0 eng d a5 01 001989 2 a302 ANDS aANDREYEVA (Galina). aSocial psychology. aMoscow.bProgress Publishers.c1990 a326